000 00180nam a2200085Ia 4500
008 250605s9999 xx 000 0 und d
041 _aeng
100 _aRajat Singh
245 _aZomato
999 _c46331
_d46331